[Event "CYCC U10"]
[Site "Kapuskasing CAN"]
[Date "2004.07.06"]
[Round "1"]
[White "Farrant-Diaz, Nathan"]
[Black "Rozybakiyev, Ilchin"]
[Result "0-1"]
[WhiteElo "1081"]
[BlackElo "1236"]
[PlyCount "84"]
[GameId "2160767911095749"]
[EventDate "2004.07.06"]
[EventType "swiss"]
[EventRounds "7"]
[EventCountry "CAN"]
[SourceTitle "EXT 2006"]
[Source "ChessBase"]
[SourceDate "2005.11.24"]
[SourceVersion "1"]
[SourceVersionDate "2005.11.24"]
[SourceQuality "1"]

1. e4 c5 2. Nf3 Nc6 3. d4 cxd4 4. Nxd4 e5 5. Nb5 d6 6. N1c3 a6 7. Na3 b5 8. Nd5 Nge7 9. Be2 f5 10. exf5 Nxf5 11. O-O Be6 12. Ne3 Be7 13. Nxf5 Bxf5 14. c4 b4 15. Nc2 Qd7 16. Bd2 a5 17. b3 O-O 18. Ne3 Nd4 19. Nd5 Rad8 20. Rc1 Qe6 21. Re1 Qf7 22. Nxe7+ Qxe7 23. Bg4 Qf6 24. Be3 Bxg4 25. Qxg4 Ne6 26. Rcd1 Nc5 27. Qg5 Qxg5 28. Bxg5 Rd7 29. Be3 Rfd8 30. Rd5 Nb7 31. Red1 Rf7 32. Rb5 Ra8 33. Rdd5 h6 34. Bb6 a4 35. Rd2 axb3 36. Rd1 bxa2 37. Ra1 Ra4 38. Kf1 Nc5 39. Bxc5 dxc5 40. Rxc5 Rb7 41. Rb5 Rxb5 42. cxb5 b3 0-1

[Event "CYCC U10"]
[Site "Kapuskasing CAN"]
[Date "2004.07.06"]
[Round "1"]
[White "Gladstone, Simon"]
[Black "Blair, Michael"]
[Result "1-0"]
[WhiteElo "1193"]
[BlackElo "917"]
[PlyCount "29"]
[GameId "2160767911095750"]
[EventDate "2004.07.06"]
[EventType "swiss"]
[EventRounds "7"]
[EventCountry "CAN"]
[SourceTitle "EXT 2006"]
[Source "ChessBase"]
[SourceDate "2005.11.24"]
[SourceVersion "1"]
[SourceVersionDate "2005.11.24"]
[SourceQuality "1"]

1. e4 e5 2. Nf3 Nc6 3. Nc3 d6 4. d4 Bg4 5. Be3 exd4 6. Bxd4 Nxd4 7. Qxd4 Nf6 8. Be2 Qe7 9. O-O-O O-O-O 10. Qxa7 c6 11. e5 dxe5 12. Nxe5 Rxd1+ 13. Rxd1 Qxe5 14. Qa8+ Kc7 15. Qd8# 1-0

[Event "CYCC U10"]
[Site "Kapuskasing CAN"]
[Date "2004.07.06"]
[Round "1"]
[White "Gusev, Nikita"]
[Black "Dallaire, Deric"]
[Result "1-0"]
[WhiteElo "1534"]
[BlackElo "1088"]
[PlyCount "45"]
[GameId "2160767911095751"]
[EventDate "2004.07.06"]
[EventType "swiss"]
[EventRounds "7"]
[EventCountry "CAN"]
[SourceTitle "EXT 2006"]
[Source "ChessBase"]
[SourceDate "2005.11.24"]
[SourceVersion "1"]
[SourceVersionDate "2005.11.24"]
[SourceQuality "1"]

1. e4 c5 2. Nf3 d6 3. d4 Bd7 4. Be3 Qa5+ 5. Nc3 Na6 6. Bxa6 Qxa6 7. dxc5 Nf6 8. cxd6 e6 9. Qd3 Qa5 10. O-O Rc8 11. Bd2 Ng4 12. Nd5 Qa6 13. Qxa6 bxa6 14. Nc7+ Rxc7 15. dxc7 Bc8 16. Rfd1 Bd6 17. h3 Nf6 18. e5 Bxc7 19. exf6 gxf6 20. Bh6 Be5 21. Nxe5 fxe5 22. Bg5 Rg8 23. Rd8# 1-0

[Event "CYCC U10"]
[Site "Kapuskasing CAN"]
[Date "2004.07.06"]
[Round "1"]
[White "Kieu, Marc-Andre"]
[Black "Calugar, Arthur"]
[Result "0-1"]
[WhiteElo "1421"]
[BlackElo "1729"]
[PlyCount "70"]
[GameId "2160767911095752"]
[EventDate "2004.07.06"]
[EventType "swiss"]
[EventRounds "7"]
[EventCountry "CAN"]
[SourceTitle "EXT 2006"]
[Source "ChessBase"]
[SourceDate "2005.11.24"]
[SourceVersion "1"]
[SourceVersionDate "2005.11.24"]
[SourceQuality "1"]

1. e4 c5 2. Nf3 Nc6 3. d4 cxd4 4. Nxd4 Nf6 5. Nc3 e5 6. Ndb5 d6 7. Nd5 Nxd5 8. Qxd5 Be6 9. Qd3 a6 10. Nc3 Be7 11. Be2 O-O 12. Be3 Nb4 13. Qd2 d5 14. a3 d4 15. axb4 Bxb4 16. O-O Rc8 17. Rab1 a5 18. Rfd1 dxc3 19. bxc3 Qxd2 20. Bxd2 Bxc3 21. Rxb7 a4 22. Bxc3 Rxc3 23. Bd3 Ra8 24. Rdb1 a3 25. Rb8+ Rc8 26. Rxc8+ Rxc8 27. Ra1 a2 28. h3 Rb8 29. c4 Bxc4 30. Bc2 Rb2 31. Rd1 f6 32. Rc1 Rxc2 33. Rd1 Rb2 34. Rd8+ Kf7 35. Rd7+ Ke6 0-1

[Event "CYCC U10"]
[Site "Kapuskasing CAN"]
[Date "2004.07.06"]
[Round "1"]
[White "Sithamparapillai, Arjun"]
[Black "Gupta, Udit"]
[Result "0-1"]
[WhiteElo "1060"]
[BlackElo "1276"]
[PlyCount "62"]
[GameId "2160767911095753"]
[EventDate "2004.07.06"]
[EventType "swiss"]
[EventRounds "7"]
[EventCountry "CAN"]

1. e4 c5 2. Nf3 Nc6 3. d4 cxd4 4. Nxd4 e5 5. Nb3 Nf6 6. Nc3 Bb4 7. Bg5 Qe7 8. a3 Bxc3+ 9. bxc3 b6 10. Bd3 Qe6 11. O-O O-O 12. h3 Bb7 13. Qf3 Ne7 14. c4 Ne8 15. c5 Rc8 16. cxb6 axb6 17. Nd2 f6 18. Be3 d5 19. Qg3 d4 20. Bh6 Kh8 21. Bc4 Qd7 22. f4 Nc6 23. fxe5 Nxe5 24. Qxe5 gxh6 25. Be6 Qe7 26. Qf5 Rxc2 27. Nb3 Ng7 28. Qf3 Nxe6 29. Qd3 Rc3 30. Qd1 Qg7 31. Re1 Nf4 0-1

[Event "CYCC U10"]
[Site "Kapuskasing CAN"]
[Date "2004.07.06"]
[Round "1"]
[White "Xiong, Jerry"]
[Black "Zubac, Michael"]
[Result "1-0"]
[WhiteElo "1504"]
[BlackElo "1134"]
[PlyCount "157"]
[GameId "2160767911095754"]
[EventDate "2004.07.06"]
[EventType "swiss"]
[EventRounds "7"]
[EventCountry "CAN"]
[SourceTitle "EXT 2006"]
[Source "ChessBase"]
[SourceDate "2005.11.24"]
[SourceVersion "1"]
[SourceVersionDate "2005.11.24"]
[SourceQuality "1"]

1. e4 c5 2. Nf3 a6 3. d4 cxd4 4. Nxd4 e5 5. Nb3 Nf6 6. f3 Nxe4 7. fxe4 Qh4+ 8. Ke2 Qxe4+ 9. Be3 f5 10. Qd3 Qg4+ 11. Kd2 g6 12. Qc4 Qxc4 13. Bxc4 f4 14. Bf2 Bh6 15. Ke2 Nc6 16. Nc3 b5 17. Bd3 Bb7 18. Rhe1 Nb4 19. Kf1 d6 20. Ne4 O-O-O 21. a3 Nc6 22. Rad1 Kc7 23. Nc3 Rhe8 24. Bxb5 axb5 25. Nxb5+ Kb8 26. Nxd6 Ba6+ 27. Kg1 Re7 28. Nc5 Bc8 29. Nxc8 Rxc8 30. Rd5 Kc7 31. Red1 Rd8 32. Rxd8 Nxd8 33. Ne4 Nc6 34. Kf1 Bg7 35. Ke2 Nd4+ 36. Bxd4 exd4 37. Kf3 Be5 38. Nc5 Kc6 39. Nd3 Bb8 40. Nxf4 Rf7 41. Rxd4 g5 42. g3 gxf4 43. gxf4 Be5 44. Rb4 Kc5 45. Kg4 Bd6 46. f5 Bxh2 47. Kg5 Bd6 48. c3 h6+ 49. Kxh6 Rxf5 50. Kg6 Rf2 51. a4 Kc6 52. Rb5 Rf1 53. c4 Rc1 54. b3 Bc7 55. Kf5 Re1 56. a5 Ra1 57. Ke4 Bxa5 58. Kd3 Rc1 59. Rxa5 Kb6 60. Rf5 Kc6 61. b4 Rb1 62. Rf6+ Kd7 63. b5 Ke7 64. Rh6 Kd7 65. Kd4 Rd1+ 66. Kc5 Re1 67. b6 Re7 68. Rd6+ Kc8 69. Kc6 Re8 70. c5 Kb8 71. Kb5 Re5 72. Rc6 Kb7 73. Rc7+ Kb8 74. Rh7 Rf5 75. Rc7 Re5 76. Rd7 Re8 77. c6 Kc8 78. b7+ Kb8 79. Kb6 1-0

[Event "CYCC U10"]
[Site "Kapuskasing CAN"]
[Date "2004.07.06"]
[Round "2"]
[White "Blair, Michael"]
[Black "Farrant-Diaz, Nathan"]
[Result "0-1"]
[WhiteElo "917"]
[BlackElo "1081"]
[PlyCount "92"]
[GameId "2160767911095755"]
[EventDate "2004.07.06"]
[EventType "swiss"]
[EventRounds "7"]
[EventCountry "CAN"]
[SourceTitle "EXT 2006"]
[Source "ChessBase"]
[SourceDate "2005.11.24"]
[SourceVersion "1"]
[SourceVersionDate "2005.11.24"]
[SourceQuality "1"]

1. e4 e6 2. Nc3 d5 3. Qe2 dxe4 4. Nxe4 Nf6 5. d3 Bd6 6. g3 Nxe4 7. Qxe4 O-O 8. Nf3 Nd7 9. Rg1 Nf6 10. Qe2 e5 11. Bg5 Bg4 12. Bg2 h6 13. Be3 e4 14. dxe4 Nxe4 15. Rd1 Re8 16. Kf1 Nc5 17. h3 Bd7 18. Nd4 a6 19. b4 Ne4 20. Bxe4 Rxe4 21. Qd3 Re8 22. a3 Bxh3+ 23. Ke1 Bd7 24. Rh1 Qf6 25. Kf1 Bxg3 26. Rd2 Rad8 27. Bxh6 Be5 28. Bxg7 Kxg7 29. Qh7+ Kf8 30. Rh6 Qg7 31. f3 Qxh7 32. Rxh7 Bxd4 33. Rxd4 Bb5+ 34. c4 Rxd4 35. cxb5 Rd2 36. Rh8+ Ke7 37. Rh3 Red8 38. f4 Ra2 39. Re3+ Kf8 40. Ke1 Re8 41. Rxe8+ Kxe8 42. bxa6 bxa6 43. Kd1 Kd7 44. Kc1 Ke6 45. Kb1 Rg2 46. a4 Kd5 0-1

[Event "CYCC U10"]
[Site "Kapuskasing CAN"]
[Date "2004.07.06"]
[Round "2"]
[White "Calugar, Arthur"]
[Black "Dawson, Michael"]
[Result "1-0"]
[WhiteElo "1729"]
[BlackElo "1252"]
[PlyCount "113"]
[GameId "2160767911095756"]
[EventDate "2004.07.06"]
[EventType "swiss"]
[EventRounds "7"]
[EventCountry "CAN"]
[SourceTitle "EXT 2006"]
[Source "ChessBase"]
[SourceDate "2005.11.24"]
[SourceVersion "1"]
[SourceVersionDate "2005.11.24"]
[SourceQuality "1"]

1. e4 e6 2. d4 d5 3. e5 c5 4. c3 Nc6 5. Nf3 Qb6 6. Bd3 Bd7 7. dxc5 Bxc5 8. O-O Nh6 9. Bxh6 gxh6 10. b4 Be7 11. Qd2 O-O-O 12. Qxh6 Rdg8 13. Nbd2 Bf8 14. Qf4 Be8 15. a4 h5 16. a5 Qc7 17. b5 Nxa5 18. Qa4 b6 19. c4 h4 20. Rfc1 dxc4 21. Bxc4 Bc5 22. Ne4 Kb8 23. Be2 h3 24. g3 Bd7 25. Nxc5 bxc5 26. Qxa5 Qb7 27. Qa6 Qxa6 28. bxa6 Rc8 29. Ra5 Rc6 30. Raxc5 Rhc8 31. Rxc6 Rxc6 32. Rxc6 Bxc6 33. Ng5 Bg2 34. Bf1 Kc7 35. Bxg2 hxg2 36. Kxg2 Kb6 37. h4 Kxa6 38. h5 Kb5 39. h6 a5 40. h7 a4 41. h8=Q a3 42. Qh1 Kb4 43. Qa1 Kb3 44. Nxf7 a2 45. Ng5 Kc4 46. Qxa2+ Kd4 47. Qxe6 Kd3 48. f4 Ke2 49. f5 Ke3 50. f6 Kd2 51. f7 Ke1 52. f8=Q Kd2 53. Kf2 Kd3 54. Qd8+ Kc3 55. Qc6+ Kb4 56. Qb8+ Ka5 57. Qca8# 1-0

[Event "CYCC U10"]
[Site "Kapuskasing CAN"]
[Date "2004.07.06"]
[Round "2"]
[White "Kaufman, Elliot"]
[Black "Kieu, Marc-Andre"]
[Result "0-1"]
[WhiteElo "1073"]
[BlackElo "1421"]
[PlyCount "78"]
[GameId "2160767911095759"]
[EventDate "2004.07.06"]
[EventType "swiss"]
[EventRounds "7"]
[EventCountry "CAN"]
[SourceTitle "EXT 2006"]
[Source "ChessBase"]
[SourceDate "2005.11.24"]
[SourceVersion "1"]
[SourceVersionDate "2005.11.24"]
[SourceQuality "1"]

1. e4 e5 2. Nf3 Nc6 3. d4 exd4 4. Nxd4 Nxd4 5. Qxd4 Nf6 6. Nc3 d6 7. Bg5 Be7 8. Be2 O-O 9. O-O-O Be6 10. h4 h6 11. Bf4 a6 12. Qe3 b5 13. Bxh6 gxh6 14. Qxh6 b4 15. Na4 Qd7 16. b3 Nxe4 17. Rh3 Bf6 18. Rdh1 Nxf2 19. Bd3 Nxd3+ 20. Rxd3 Bg7 21. Qg5 Bf5 22. Rg3 Bg6 23. h5 f5 24. Qxf5 Bxf5 25. h6 Bg6 26. Rgh3 Be5 27. c3 bxc3 28. Nxc3 Kh7 29. Nd5 Rfe8 30. Rf1 Rac8 31. Nf6+ Bxf6 32. Rxf6 Re1+ 33. Kd2 Rce8 34. Kc3 R8e3+ 35. Rxe3 Rxe3+ 36. Kd4 Rd3+ 37. Kc4 Kxh6 38. Rxg6+ Kxg6 39. Kxd3 Kf5 0-1

[Event "CYCC U10"]
[Site "Kapuskasing CAN"]
[Date "2004.07.06"]
[Round "2"]
[White "Nadeau, Emmanuel"]
[Black "Xiong, Jerry"]
[Result "0-1"]
[WhiteElo "1246"]
[BlackElo "1504"]
[PlyCount "102"]
[GameId "2160767911095760"]
[EventDate "2004.07.06"]
[EventType "swiss"]
[EventRounds "7"]
[EventCountry "CAN"]
[SourceTitle "EXT 2006"]
[Source "ChessBase"]
[SourceDate "2005.11.24"]
[SourceVersion "1"]
[SourceVersionDate "2005.11.24"]
[SourceQuality "1"]

1. e4 c5 2. Nc3 d6 3. Nf3 Nf6 4. Bc4 Nc6 5. O-O Bg4 6. d3 e6 7. Bg5 Be7 8. Re1 O-O 9. h3 Bh5 10. Re3 Nd4 11. Nb5 Nxf3+ 12. Rxf3 Bxf3 13. Qxf3 a6 14. Nc3 Nd7 15. Bxe7 Qxe7 16. Qg4 Ne5 17. Qg3 Nxc4 18. dxc4 Rad8 19. Re1 Qf6 20. e5 dxe5 21. Rxe5 b6 22. Ne4 Qe7 23. Rg5 f6 24. Rh5 Rd4 25. Nc3 Rxc4 26. Qd3 Rd4 27. Qxh7+ Kf7 28. Rh4 Rxh4 29. Qxh4 Rd8 30. Qh5+ Kg8 31. Ne4 Qf7 32. Qh4 Qg6 33. Ng3 Rd4 34. Qh5 Qxh5 35. Nxh5 Rd2 36. Nf4 Rxc2 37. Nxe6 Rxb2 38. Nc7 Rxa2 39. Kf1 c4 40. Nd5 b5 41. Ke1 a5 42. f3 b4 43. g4 b3 44. Kd1 Rc2 45. h4 c3 46. h5 Rd2+ 47. Kc1 b2+ 48. Kb1 Rd1+ 49. Ka2 b1=Q+ 50. Ka3 Qb2+ 51. Ka4 Ra1# 0-1

[Event "CYCC U10"]
[Site "Kapuskasing CAN"]
[Date "2004.07.06"]
[Round "2"]
[White "Rozybakiyev, Ilchin"]
[Black "Gladstone, Simon"]
[Result "1-0"]
[WhiteElo "1236"]
[BlackElo "1193"]
[PlyCount "159"]
[GameId "2160767911095761"]
[EventDate "2004.07.06"]
[EventType "swiss"]
[EventRounds "7"]
[EventCountry "CAN"]
[SourceTitle "EXT 2006"]
[Source "ChessBase"]
[SourceDate "2005.11.24"]
[SourceVersion "1"]
[SourceVersionDate "2005.11.24"]
[SourceQuality "1"]

1. e4 e6 2. d4 d5 3. e5 c5 4. c3 Nc6 5. Nf3 f6 6. Bb5 Bd7 7. Bxc6 Bxc6 8. Be3 Qb6 9. Qe2 Bb5 10. Qc2 Rc8 11. Nbd2 cxd4 12. Bxd4 Bc5 13. Bxc5 Qxc5 14. Nb3 Qc4 15. exf6 Nxf6 16. Nbd4 O-O 17. Nxb5 Qxb5 18. O-O-O Qc5 19. Nd4 Rfe8 20. Rhe1 e5 21. Nb3 Qc7 22. Rd2 Ne4 23. Rxd5 Nf6 24. Rc5 Qd6 25. Rd1 Qe7 26. Rxc8 Rxc8 27. Qf5 Rf8 28. Qc2 Ng4 29. Rd2 Nxh2 30. Qe4 Rf4 31. Qd5+ Rf7 32. Re2 b6 33. Rxe5 Qf8 34. f3 Kh8 35. Qc6 Qg8 36. Re1 h6 37. Rh1 Qb8 38. Qe4 Rf4 39. Qe1 Ra4 40. Kb1 Kh7 41. Nd4 Qf4 42. b3 Ra5 43. g3 Nxf3 44. gxf4 Nxe1 45. Rxe1 h5 46. Rh1 Kh6 47. Nf3 Rf5 48. Rh4 g6 49. Kc2 Ra5 50. a4 b5 51. axb5 Rxb5 52. Ne5 g5 53. Nf7+ Kg6 54. Nxg5 Rd5 55. c4 Ra5 56. Kc3 Kf5 57. Kd4 Ra3 58. b4 Rb3 59. b5 Rb4 60. Kc5 Ra4 61. Kd5 Rb4 62. Ne6 Kg6 63. Nd4 Ra4 64. c5 a5 65. bxa6 Rxa6 66. c6 Ra5+ 67. Kd6 Ra6 68. Kd7 Ra7+ 69. c7 Kh6 70. Kd8 Ra8+ 71. c8=Q Rxc8+ 72. Kxc8 Kg6 73. Kd7 Kh6 74. Ke6 Kg6 75. Nf3 Kh7 76. Rxh5+ Kg6 77. Rg5+ Kh7 78. Kf7 Kh6 79. f5 Kh7 80. Rh5# 1-0

[Event "CYCC U10"]
[Site "Kapuskasing CAN"]
[Date "2004.07.06"]
[Round "2"]
[White "Sanderson, Tyler"]
[Black "Gusev, Nikita"]
[Result "0-1"]
[WhiteElo "747"]
[BlackElo "1534"]
[PlyCount "106"]
[GameId "2160767911095762"]
[EventDate "2004.07.06"]
[EventType "swiss"]
[EventRounds "7"]
[EventCountry "CAN"]
[SourceTitle "EXT 2006"]
[Source "ChessBase"]
[SourceDate "2005.11.24"]
[SourceVersion "1"]
[SourceVersionDate "2005.11.24"]
[SourceQuality "1"]

1. e4 c5 2. d4 cxd4 3. c3 dxc3 4. Nxc3 d6 5. Qa4+ Bd7 6. Bb5 Nc6 7. Bxc6 Bxc6 8. Qb4 e6 9. Nf3 d5 10. Qd4 dxe4 11. Qxd8+ Rxd8 12. Ng5 Nf6 13. f3 exf3 14. Nxf3 Bb4 15. Bg5 Bxf3 16. gxf3 Bxc3+ 17. bxc3 Rd3 18. O-O Rxc3 19. Rac1 Rxc1 20. Rxc1 O-O 21. Bxf6 gxf6 22. Rc7 Rd8 23. Rxb7 Rd1+ 24. Kg2 Rd2+ 25. Kg3 Rxa2 26. Rb8+ Kg7 27. h4 Ra1 28. f4 a5 29. Ra8 a4 30. Kg4 Kh6 31. f5 e5 32. Ra7 Kg7 33. Kf3 a3 34. Ke3 a2 35. Kd2 Rh1 36. Kc2 a1=Q 37. Rxa1 Rxa1 38. h5 Kh6 39. Kd3 Kxh5 40. Ke4 Kg5 41. Kd5 Kxf5 42. Kc4 Ke4 43. Kc5 Ra6 44. Kb5 Kd5 45. Kxa6 e4 46. Kb7 e3 47. Kc8 e2 48. Kd8 Kd6 49. Ke8 Ke6 50. Kf8 e1=Q 51. Kg7 Qg3+ 52. Kxh7 Ke7 53. Kh6 Qg6# 0-1

[Event "CYCC U10"]
[Site "Kapuskasing CAN"]
[Date "2004.07.06"]
[Round "2"]
[White "Zubac, Michael"]
[Black "Sithamparapillai, Arjun"]
[Result "0-1"]
[WhiteElo "1134"]
[BlackElo "1060"]
[PlyCount "86"]
[GameId "2160767911095763"]
[EventDate "2004.07.06"]
[EventType "swiss"]
[EventRounds "7"]
[EventCountry "CAN"]

1. e4 e6 2. d4 d5 3. e5 c5 4. Nf3 Nc6 5. Bf4 Bd7 6. Nc3 Qb6 7. Rb1 cxd4 8. Nb5 Bc5 9. a3 a6 10. Nd6+ Bxd6 11. exd6 Nf6 12. Be2 O-O 13. O-O Nh5 14. Be5 f6 15. Bxd4 Nxd4 16. Qxd4 Qxd6 17. c4 Bc6 18. cxd5 Qxd5 19. Qxd5 Bxd5 20. Rfd1 Nf4 21. Kf1 Rfd8 22. g3 Nxe2 23. Kxe2 Bb3 24. Rd2 Bd5 25. Rbd1 Bc4+ 26. Ke3 Rxd2 27. Rxd2 Bd5 28. Nd4 Re8 29. Nc2 Kf7 30. Kf4 e5+ 31. Ke3 Bc6 32. Nb4 Bb5 33. b3 Rc8 34. a4 Rc3+ 35. Ke4 Rxb3 36. axb5 Rxb4+ 37. Ke3 Rxb5 38. f4 exf4+ 39. gxf4 a5 40. Kd3 Rd5+ 41. Kc3 Rxd2 42. Kxd2 b6 43. Kd3 Ke6 0-1

[Event "CYCC U10"]
[Site "Kapuskasing CAN"]
[Date "2004.07.07"]
[Round "3"]
[White "Berube, Pierre"]
[Black "Zubac, Michael"]
[Result "0-1"]
[WhiteElo "1018"]
[BlackElo "1134"]
[PlyCount "30"]
[GameId "2160767911095764"]
[EventDate "2004.07.06"]
[EventType "swiss"]
[EventRounds "7"]
[EventCountry "CAN"]
[SourceTitle "EXT 2006"]
[Source "ChessBase"]
[SourceDate "2005.11.24"]
[SourceVersion "1"]
[SourceVersionDate "2005.11.24"]
[SourceQuality "1"]

1. e4 e5 2. Bc4 Nf6 3. Nf3 Nc6 4. Ng5 d5 5. exd5 Nxd5 6. Qf3 Qxg5 7. O-O Nf6 8. d3 Qf5 9. Qg3 Qg6 10. Bg5 h6 11. Re1 Qxg5 12. Qf3 Be7 13. Re4 Qc1+ 14. Qd1 Qxd1+ 15. Re1 Qxe1# 0-1

[Event "CYCC U10"]
[Site "Kapuskasing CAN"]
[Date "2004.07.07"]
[Round "3"]
[White "Blair, Michael"]
[Black "Kaufman, Elliot"]
[Result "0-1"]
[WhiteElo "917"]
[BlackElo "1073"]
[PlyCount "50"]
[GameId "2160767911095765"]
[EventDate "2004.07.06"]
[EventType "swiss"]
[EventRounds "7"]
[EventCountry "CAN"]
[SourceTitle "EXT 2006"]
[Source "ChessBase"]
[SourceDate "2005.11.24"]
[SourceVersion "1"]
[SourceVersionDate "2005.11.24"]
[SourceQuality "1"]

1. e4 c5 2. Nc3 d6 3. d3 Nf6 4. g3 a6 5. Bg2 e6 6. f4 Be7 7. Be3 Nbd7 8. Qd2 b5 9. a3 Bb7 10. O-O-O O-O 11. Nf3 Qb6 12. d4 b4 13. axb4 Qxb4 14. b3 Ra7 15. Kb2 Rfa8 16. Qd3 a5 17. Qc4 Qb6 18. Na4 Qc7 19. dxc5 Nxe4 20. Bd4 d5 21. Qe2 Bxc5 22. Bxc5 Ndxc5 23. Ng5 Nxa4+ 24. bxa4 Qb6+ 25. Ka3 Nc3 0-1

[Event "CYCC U10"]
[Site "Kapuskasing CAN"]
[Date "2004.07.07"]
[Round "3"]
[White "Dawson, Michael"]
[Black "Dallaire, Deric"]
[Result "1-0"]
[WhiteElo "1252"]
[BlackElo "1088"]
[PlyCount "103"]
[GameId "2160767911095766"]
[EventDate "2004.07.06"]
[EventType "swiss"]
[EventRounds "7"]
[EventCountry "CAN"]
[SourceTitle "EXT 2006"]
[Source "ChessBase"]
[SourceDate "2005.11.24"]
[SourceVersion "1"]
[SourceVersionDate "2005.11.24"]
[SourceQuality "1"]

1. d4 d5 2. Nf3 Bf5 3. Bf4 e6 4. a3 Bd6 5. Bxd6 Qxd6 6. e3 Nf6 7. Nc3 O-O 8. Bd3 Nc6 9. Bxf5 exf5 10. Qd3 h6 11. Qxf5 Ne7 12. Qd3 a6 13. h3 b5 14. b4 a5 15. Rb1 axb4 16. axb4 Nc6 17. Nxb5 Qe7 18. c3 Nh5 19. O-O Nd8 20. Ra1 Rb8 21. Na3 Ra8 22. Qf5 Nf6 23. Qe5 Qd7 24. Nh4 Ne8 25. Nf5 Nf6 26. Ng3 Nc6 27. Qf5 Qd8 28. Nh5 Kh8 29. Nxf6 Qxf6 30. Qxf6 gxf6 31. Nb5 Rg8 32. Rxa8 Rxa8 33. Nxc7 Rc8 34. Nxd5 f5 35. b5 Na7 36. b6 Nb5 37. Rb1 Nxc3 38. Nxc3 Rb8 39. b7 f4 40. exf4 Kg8 41. Nd5 Kf8 42. Nc7 Ke7 43. Na6 Kd7 44. Nxb8+ Kc7 45. Na6+ Kc6 46. b8=Q Kd5 47. Qe5+ Kc4 48. Rc1+ Kb3 49. Qb8+ Ka2 50. Nb4+ Ka3 51. Nc2+ Ka4 52. Ra1# 1-0

[Event "CYCC U10"]
[Site "Kapuskasing CAN"]
[Date "2004.07.07"]
[Round "3"]
[White "Farrant-Diaz, Nathan"]
[Black "Nadeau, Emmanuel"]
[Result "0-1"]
[WhiteElo "1081"]
[BlackElo "1246"]
[PlyCount "80"]
[GameId "2160767911095767"]
[EventDate "2004.07.06"]
[EventType "swiss"]
[EventRounds "7"]
[EventCountry "CAN"]
[SourceTitle "EXT 2006"]
[Source "ChessBase"]
[SourceDate "2005.11.24"]
[SourceVersion "1"]
[SourceVersionDate "2005.11.24"]
[SourceQuality "1"]

1. e4 e5 2. Nf3 Nc6 3. Bc4 Nf6 4. Ng5 d5 5. exd5 Nxd5 6. d4 Be7 7. Nxf7 Kxf7 8. Qf3+ Ke8 9. Bxd5 Nxd4 10. Bf7+ Kf8 11. Bg6+ Bf6 12. Qa3+ Be7 13. Qd3 hxg6 14. Nc3 Bf5 15. Ne4 Qd5 16. f3 Rd8 17. c3 Nc6 18. Qe2 Qd3 19. Qxd3 Rxd3 20. Bd2 Bh4+ 21. Ke2 Rd5 22. Rad1 Rd7 23. Nc5 Rd5 24. b4 b6 25. Ne4 Rd7 26. b5 Na5 27. c4 Nxc4 28. Bb4+ c5 29. Rxd7 Bxd7 30. Bc3 Bxb5 31. Kd1 Ne3+ 32. Kd2 Nc4+ 33. Ke2 Ke7 34. Rd1 Nb2+ 35. Kd2 Rd8+ 36. Kc2 Nxd1 37. Bxe5 Ba4+ 38. Kc1 Ne3 39. Bf4 Nc4 40. g3 Rd1# 0-1

[Event "CYCC U10"]
[Site "Kapuskasing CAN"]
[Date "2004.07.07"]
[Round "3"]
[White "Gladstone, Simon"]
[Black "Sithamparapillai, Arjun"]
[Result "0-1"]
[WhiteElo "1186"]
[BlackElo "1060"]
[PlyCount "56"]
[GameId "2160767911095768"]
[EventDate "2004.07.06"]
[EventType "swiss"]
[EventRounds "7"]
[EventCountry "CAN"]

1. e4 e6 2. d4 d5 3. Nd2 c5 4. exd5 cxd4 5. dxe6 fxe6 6. Nb3 Nc6 7. Nf3 e5 8. Bc4 Bg4 9. O-O Na5 10. Nxa5 Qxa5 11. h3 Bh5 12. Qd3 Qc7 13. Re1 Bxf3 14. Bb5+ Bc6 15. Bxc6+ bxc6 16. Qxd4 Bd6 17. Bf4 Ne7 18. Bxe5 Bxe5 19. Rxe5 O-O 20. Rae1 Ng6 21. Rc5 Rfe8 22. Rxe8+ Rxe8 23. Kf1 Qe7 24. Kg1 Ne5 25. Ra5 Qg5 26. Kh2 Nf3+ 27. gxf3 Qxa5 28. Kg3 Re2 0-1

[Event "CYCC U10"]
[Site "Kapuskasing CAN"]
[Date "2004.07.07"]
[Round "3"]
[White "Gusev, Nikita"]
[Black "Gupta, Udit"]
[Result "1-0"]
[WhiteElo "1534"]
[BlackElo "1276"]
[PlyCount "98"]
[GameId "2160767911095769"]
[EventDate "2004.07.06"]
[EventType "swiss"]
[EventRounds "7"]
[EventCountry "CAN"]
[SourceTitle "EXT 2006"]
[Source "ChessBase"]
[SourceDate "2005.11.24"]
[SourceVersion "1"]
[SourceVersionDate "2005.11.24"]
[SourceQuality "1"]

1. e4 c5 2. Nf3 Nc6 3. d4 cxd4 4. Nxd4 e6 5. Nc3 Nxd4 6. Qxd4 b6 7. Bf4 Bc5 8. Qxg7 Qf6 9. Be5 Qg6 10. Qxg6 hxg6 11. Bxh8 f6 12. e5 f5 13. Nb5 Kd8 14. Nd6 Nh6 15. Bf6+ Kc7 16. Ne8+ Kb8 17. Bd8 Bb7 18. Bc7+ Kc8 19. Bd6 Bd4 20. c3 Bc5 21. Nc7 Rb8 22. b4 Bxd6 23. exd6 Nf7 24. O-O-O Nxd6 25. Rxd6 Kxc7 26. Rd1 Rh8 27. Bb5 d6 28. f3 a6 29. Bd3 e5 30. h4 Bc8 31. Rdg1 Bb7 32. h5 e4 33. fxe4 fxe4 34. Be2 gxh5 35. Rxh5 Rf8 36. Rh7+ Kc6 37. b5+ axb5 38. Bxb5+ Kxb5 39. Rxb7 Rf2 40. Ra7 e3 41. Kd1 Rb2 42. Kc1 Rf2 43. Re1 Rxg2 44. Rxe3 Rf2 45. Rd3 Kc6 46. Rd2 Rf3 47. Kc2 d5 48. Rd3 Rf1 49. Rh7 b5 1-0

[Event "CYCC U10"]
[Site "Kapuskasing CAN"]
[Date "2004.07.07"]
[Round "3"]
[White "Kieu, Marc-Andre"]
[Black "Sanderson, Tyler"]
[Result "1-0"]
[WhiteElo "1421"]
[BlackElo "747"]
[PlyCount "23"]
[GameId "2160767911095770"]
[EventDate "2004.07.06"]
[EventType "swiss"]
[EventRounds "7"]
[EventCountry "CAN"]
[SourceTitle "EXT 2006"]
[Source "ChessBase"]
[SourceDate "2005.11.24"]
[SourceVersion "1"]
[SourceVersionDate "2005.11.24"]
[SourceQuality "1"]

1. e4 e5 2. Nf3 Nc6 3. Bc4 Nf6 4. Ng5 d5 5. exd5 Nxd5 6. d4 exd4 7. O-O Bc5 8. Nxf7 Kxf7 9. Qf3+ Ke6 10. Re1+ Ne5 11. Qe4 Qd6 12. Bf4 1-0

[Event "CYCC U10"]
[Site "Kapuskasing CAN"]
[Date "2004.07.07"]
[Round "3"]
[White "Xiong, Jerry"]
[Black "Calugar, Arthur"]
[Result "0-1"]
[WhiteElo "1504"]
[BlackElo "1729"]
[PlyCount "48"]
[GameId "2160767911095772"]
[EventDate "2004.07.06"]
[EventType "swiss"]
[EventRounds "7"]
[EventCountry "CAN"]
[SourceTitle "EXT 2006"]
[Source "ChessBase"]
[SourceDate "2005.11.24"]
[SourceVersion "1"]
[SourceVersionDate "2005.11.24"]
[SourceQuality "1"]

1. e4 c5 2. Nf3 Nc6 3. d4 cxd4 4. Nxd4 Nf6 5. Nc3 e5 6. Ndb5 d6 7. f3 a6 8. Na3 Be6 9. Be3 Be7 10. Qd2 d5 11. exd5 Nxd5 12. Nc4 Bb4 13. Bd3 b5 14. Na3 Nxc3 15. O-O Nd5 16. c3 Nxc3 17. Nc2 Nd5 18. Qe2 Nxe3 19. Qxe3 Ba5 20. Kh1 Bb6 21. Qe2 Rc8 22. Rad1 Qc7 23. Rc1 Nd4 24. Qd1 Qd7 0-1